[Event "BUDLEX MIEDZYNARODOWY FESTIWAL SZACHOWY KOPERNIK - TURNIEJ A - (FIDE min. 1800)"]
[Site "MCSM Torun (Miedzynarodowe Centrum Spotkan Mlodziezy)  ul.  Lokietka 3 , 87-100 Torun"]
[Date "1899-12-30"]
[Round "6.5"]
[White "Augustowski, Janusz"]
[Black "Lewandowski, Marek"]
[Result "0-1"]
[WhiteTitle "I"]
[BlackTitle "I+"]
[WhiteElo "1726"]
[BlackElo "1752"]

1. d4 d5 2. Nf3 Nf6 3. c4 e6 4. Nc3 c6 5. cxd5 exd5 6. Bg5 Be7 7. e3 Bf5 8. Bd3
Bxd3 9. Qxd3 Nbd7 10. O-O O-O 11. Rfc1 h6 12. Bh4 Ne8 13. Bg3 Bd6 14. Rab1 Bxg3
15. hxg3 Nd6 16. b4 b5 17. e4 dxe4 18. Nxe4 Nc4 19. Rxc4 bxc4 20. Qxc4 Rc8 21.
Nd6 Rc7 22. Nf5 Re8 23. Rc1 Nb6 24. Qc5 Qd5 25. Qc2 Kh8 26. a4 Nd7 27. Ne3 Qd6
28. Qc4 Nb6 29. Qb3 f6 30. a5 Nd7 31. Qc4 Rb8 32. Nc2 Nf8 33. Re1 Qd5 34. Qxd5
cxd5 35. Re2 Kg8 36. Nfe1 Kf7 37. Nd3 Rc4 38. Nc5 Rxc2 39. Rxc2 Rxb4 40. Na6 Ra4
41. Rc7+ Kg6 42. Rxa7 Rxa5 43. Ra8 Ne6 44. Nc7 Rxa8 45. Nxa8 Kf5 46. f3 Nxd4 47.
Nc7 Ke5 48. Kf2 Ne6 49. Nb5 d4 50. Ke2 Kd5 51. Kd3 f5 52. Na3 g5 53. Ke2 f4 54.
g4 Nc5 55. Kd2 Nd7 56. Kd3 Ne5+ 57. Ke2 Kc5 58. Nb1 Kc4 59. Nd2+ Kc3 60. Ne4+
Kc2 61. Nd2 Nc6 62. Ne4 Nb4 63. Kf2 Nd5 64. g3 fxg3+ 65. Kxg3 d3 0-1

[Event "BUDLEX MIEDZYNARODOWY FESTIWAL SZACHOWY KOPERNIK - TURNIEJ A - (FIDE min. 1800)"]
[Site "MCSM Torun (Miedzynarodowe Centrum Spotkan Mlodziezy)  ul.  Lokietka 3 , 87-100 Torun"]
[Date "1899-12-30"]
[Round "7.2"]
[White "Czarkowski, Tomasz"]
[Black "Augustowski, Janusz"]
[Result "1-0"]
[WhiteTitle "I++"]
[BlackTitle "I"]
[WhiteElo "1891"]
[BlackElo "1726"]

1. d4 Nf6 2. c4 e6 3. Nc3 d5 4. Bf4 Bd6 5. Bxd6 Qxd6 6. e3 O-O 7. Nf3 c5 8. dxc5
Qxc5 9. cxd5 Nxd5 10. Nxd5 exd5 11. Be2 Nc6 12. O-O h6 13. Qd2 Be6 14. Rfd1 Rfd8
15. h3 b5 16. Rac1 Qb6 17. Nd4 Nxd4 18. Qxd4 Rab8 19. Rc5 a6 20. Bf3 Qa5 21. a3
Rd7 22. b4 Qd8 23. Bxd5 Rxd5 24. Rxd5 Qxd5 25. Qxd5 Bxd5 26. Rxd5 Rb6 27. Rd7
g6 28. e4 Rc6 29. Ra7 Re6 30. f3 Kg7 31. Kf2 g5 32. Ke3 Rd6 33. e5 Rc6 34. Kd4
Kg6 35. Kd5 Re6 36. Rd7 h5 37. Rd6 Kf5 38. g4+ hxg4 39. fxg4+ 1-0

[Event "BUDLEX MIEDZYNARODOWY FESTIWAL SZACHOWY KOPERNIK - TURNIEJ A - (FIDE min. 1800)"]
[Site "MCSM Torun (Miedzynarodowe Centrum Spotkan Mlodziezy)  ul.  Lokietka 3 , 87-100 Torun"]
[Date "1899-12-30"]
[Round "7.3"]
[White "Darowicki, Mariusz"]
[Black "Szmidt, Przemyslaw"]
[Result "1/2-1/2"]
[WhiteTitle "I++"]
[BlackTitle "I++"]
[WhiteElo "1913"]
[BlackElo "1852"]

1. d4 f5 2. c4 Nf6 3. Nc3 g6 4. Nf3 Bg7 5. g3 O-O 6. Bg2 d6 7. d5 c5 8. O-O Na6
9. Re1 Nc7 10. Bf4 Rb8 1/2-1/2

[Event "BUDLEX MIEDZYNARODOWY FESTIWAL SZACHOWY KOPERNIK - TURNIEJ A - (FIDE min. 1800)"]
[Site "MCSM Torun (Miedzynarodowe Centrum Spotkan Mlodziezy)  ul.  Lokietka 3 , 87-100 Torun"]
[Date "1899-12-30"]
[Round "7.4"]
[White "Zielinski, Olgierd"]
[Black "Grabarczyk, Miroslaw"]
[Result "1-0"]
[WhiteTitle "I+"]
[BlackTitle "GM"]
[WhiteElo "1802"]
[BlackElo "2371"]

1. e4 e5 2. Nf3 Nc6 3. Bb5 a6 4. Ba4 Nf6 5. O-O Be7 6. c3 b5 7. Bc2 d6 8. h3 O-O
9. Re1 Bb7 10. d3 Re8 11. Nbd2 Bf8 12. Nf1 Nb8 13. Bg5 h6 14. Bxf6 Qxf6 15. Ne3
Nd7 16. a4 Qd8 17. Qe2 Nf6 18. Nd2 d5 19. axb5 axb5 20. Rxa8 Bxa8 21. exd5 Nxd5
22. Nxd5 Qxd5 23. f3 Bc6 24. Ra1 Qd7 25. Qe3 Bd5 26. Ra6 c5 27. c4 Be6 28. Kf1
Be7 29. Qe4 bxc4 30. dxc4 g6 31. Ba4 Qc8 32. Rxe6 Qxe6 33. Bxe8 Bg5 34. Qa8 Kg7
35. Ke2 Bxd2 36. Kxd2 Qxc4 37. Qe4 Qe6 38. Bc6 Qf6 39. h4 h5 40. Bd5 Qd6 41. b3
f5 42. Qc4 Kf6 43. Ke2 g5 44. hxg5+ Kxg5 45. Qc1+ Kg6 46. Qd2 Qe7 47. Bc4 h4 48.
Qd5 Kg5 49. Ke3 Qf6 50. Qe6 Qg7 51. Qg8 Qxg8 52. Bxg8 Kf6 53. Bd5 Ke7 54. Kd3
Kf6 55. Kc4 Kg5 56. Kxc5 Kf4 57. Be6 e4 58. fxe4 fxe4 59. Kd4 1-0

[Event "BUDLEX MIEDZYNARODOWY FESTIWAL SZACHOWY KOPERNIK - TURNIEJ A - (FIDE min. 1800)"]
[Site "MCSM Torun (Miedzynarodowe Centrum Spotkan Mlodziezy)  ul.  Lokietka 3 , 87-100 Torun"]
[Date "1899-12-30"]
[Round "7.5"]
[White "Kutowski, Marcel"]
[Black "Blajet, Radoslaw"]
[Result "0-1"]
[WhiteTitle "I"]
[BlackTitle "I"]
[WhiteElo "1712"]
[BlackElo "1792"]

1. e4 c6 2. d4 d5 3. Nc3 dxe4 4. Nxe4 Nd7 5. Nf3 Ngf6 6. Ng3 Qc7 7. Bd3 e6 8. O-O
c5 9. Re1 Be7 10. c4 cxd4 11. Nxd4 O-O 12. Qe2 Bb4 13. Rd1 Bc5 14. Be3 Qb6 15.
Rab1 e5 16. b4 Bxd4 17. c5 Qc7 18. Bg5 h6 19. Bd2 b6 20. Nf5 bxc5 21. Qf3 e4 22.
Bxe4 Nxe4 23. Qxe4 Bb7 24. Qg4 Kh7 25. Bxh6 gxh6 26. Rxd4 Rg8 27. Qh3 Rxg2+ 28.
Kf1 Rg6 29. Rg4 Qc6 30. Rxg6 Qxg6 31. Rb3 Be4 32. Ng3 Bd3+ 33. Kg1 c4 34. Rc3
Ne5 0-1

[Event "BUDLEX MIEDZYNARODOWY FESTIWAL SZACHOWY KOPERNIK - TURNIEJ A - (FIDE min. 1800)"]
[Site "MCSM Torun (Miedzynarodowe Centrum Spotkan Mlodziezy)  ul.  Lokietka 3 , 87-100 Torun"]
[Date "1899-12-30"]
[Round "8.2"]
[White "Grabarczyk, Miroslaw"]
[Black "Kutowski, Marcel"]
[Result "1-0"]
[WhiteTitle "GM"]
[BlackTitle "I"]
[WhiteElo "2371"]
[BlackElo "1712"]

1. d4 Nf6 2. c4 e6 3. g3 d5 4. Bg2 dxc4 5. Qa4+ Nbd7 6. Qxc4 a6 7. Qd3 Rb8 8. Nf3
b5 9. a4 Bb7 10. axb5 axb5 11. O-O c5 12. Bf4 c4 13. Qd1 Ra8 14. Nc3 Rxa1 15.
Qxa1 Qb6 16. Ne5 Bxg2 17. Kxg2 Qb7+ 18. Kg1 Be7 19. Qa5 b4 20. Qb5 Qxb5 21. Nxb5
Nxe5 22. dxe5 Nd7 23. Rc1 g5 24. Be3 O-O 25. Rxc4 Nxe5 26. Rc7 Re8 27. Bd4 Ng6
28. Na7 Bd6 29. Rd7 Bf8 30. Rb7 Rd8 31. Nc6 Rd6 32. Rc7 h6 33. Kg2 e5 34. Be3
Rd1 35. Na5 Kg7 36. Rc1 Rd5 37. Nb3 Ne7 38. Bd2 Nf5 39. h3 Nd4 40. Nxd4 Rxd4 41.
Be3 Rd5 42. g4 Ra5 43. Rc4 b3 44. Bd2 Rc5 45. Rxc5 Bxc5 46. Bc3 Kf6 47. Kf3 Ke6
48. Ke4 Bxf2 49. Bxe5 h5 50. gxh5 f5+ 51. Kf3 Kxe5 52. Kxf2 Kf6 53. Kg3 Kg7 54.
h4 Kh6 55. hxg5+ Kxg5 56. h6 Kxh6 57. Kf4 Kg6 58. e4 fxe4 59. Kxe4 Kf6 60. Kd5
Ke7 61. Kc4 Kd6 62. Kxb3 Kc5 63. Ka4 1-0

[Event "BUDLEX MIEDZYNARODOWY FESTIWAL SZACHOWY KOPERNIK - TURNIEJ A - (FIDE min. 1800)"]
[Site "MCSM Torun (Miedzynarodowe Centrum Spotkan Mlodziezy)  ul.  Lokietka 3 , 87-100 Torun"]
[Date "1899-12-30"]
[Round "8.3"]
[White "Szmidt, Przemyslaw"]
[Black "Zielinski, Olgierd"]
[Result "1/2-1/2"]
[WhiteTitle "I++"]
[BlackTitle "I+"]
[WhiteElo "1852"]
[BlackElo "1802"]

1. d4 c5 2. dxc5 e6 3. Nd2 Bxc5 4. Ne4 Nf6 5. Nxc5 Qa5+ 6. c3 Qxc5 7. Nf3 Ng4 8.
Qd4 Qxd4 9. Nxd4 a6 10. f3 Nf6 11. e4 d5 12. e5 Nfd7 13. f4 Nc6 14. Be3 Nxd4 15.
Bxd4 f6 16. Bd3 fxe5 17. fxe5 O-O 18. O-O-O b6 19. Rhf1 Bb7 20. Rde1 g6 21. Kd2
Kg7 22. Rxf8 Rxf8 23. Rf1 Rxf1 24. Bxf1 b5 25. Be2 Nb8 26. Bd1 Kf7 27. Kc2 Nc6
28. a3 Nxd4+ 29. cxd4 a5 30. Kc3 Bc6 31. Kd3 h6 32. Ke3 Bd7 33. h4 Kg7 34. g4
g5 35. h5 Kf8 36. Kd2 Ke7 37. b4 axb4 38. axb4 1/2-1/2

[Event "BUDLEX MIEDZYNARODOWY FESTIWAL SZACHOWY KOPERNIK - TURNIEJ A - (FIDE min. 1800)"]
[Site "MCSM Torun (Miedzynarodowe Centrum Spotkan Mlodziezy)  ul.  Lokietka 3 , 87-100 Torun"]
[Date "1899-12-30"]
[Round "8.4"]
[White "Augustowski, Janusz"]
[Black "Darowicki, Mariusz"]
[Result "0-1"]
[WhiteTitle "I"]
[BlackTitle "I++"]
[WhiteElo "1726"]
[BlackElo "1913"]

1. c4 e5 2. Nc3 Nc6 3. g3 d6 4. Bg2 Be6 5. b3 f5 6. e3 g6 7. d4 exd4 8. exd4 Bg7
9. Nge2 Bf7 10. O-O Nge7 11. Bg5 h6 12. Bxe7 Qxe7 13. Qd2 O-O 14. Nd5 Qd8 15.
b4 Rb8 16. Rac1 Ne7 17. Nxe7+ Qxe7 18. Rfe1 Qf6 19. d5 g5 20. Bf3 Rbe8 21. Red1
h5 22. Nd4 g4 23. Bg2 Bh6 24. Qc2 Bxc1 25. Qxc1 Kg7 26. Qc3 Re5 27. f4 gxf3 28.
Nxf3 Re7 29. Qd3 Rfe8 30. Nh4 Re1+ 31. Rxe1 Rxe1+ 32. Kf2 Re5 33. Nf3 Re4 34.
Qc2 Bg6 35. Nd2 Qd4+ 36. Kf1 Qa1+ 37. Nb1 Re5 0-1

[Event "BUDLEX MIEDZYNARODOWY FESTIWAL SZACHOWY KOPERNIK - TURNIEJ A - (FIDE min. 1800)"]
[Site "MCSM Torun (Miedzynarodowe Centrum Spotkan Mlodziezy)  ul.  Lokietka 3 , 87-100 Torun"]
[Date "1899-12-30"]
[Round "9.2"]
[White "Darowicki, Mariusz"]
[Black "Lewandowski, Marek"]
[Result "1-0"]
[WhiteTitle "I++"]
[BlackTitle "I+"]
[WhiteElo "1913"]
[BlackElo "1752"]

1. e4 c5 2. Nf3 Nc6 3. Bb5 d6 4. Nc3 e5 5. a4 Be6 6. d3 Be7 7. O-O a6 8. Bc4 Bxc4
9. dxc4 Nf6 10. Bg5 Ng8 11. Nd5 h6 12. Be3 Nf6 13. Nxf6+ Bxf6 14. c3 Qd7 15. Qd3
Qe6 16. Rfd1 Be7 17. a5 O-O 18. Ra4 f5 19. Qd5 Qxd5 20. cxd5 Nd8 21. exf5 Rxf5
22. Rg4 Kh7 23. Rc4 Nf7 24. b4 cxb4 25. cxb4 Bd8 26. Kf1 Kg8 27. Rdc1 e4 28. Rxe4
Rxd5 29. Re8+ Kh7 30. Bb6 Kg6 31. Rc4 Rd1+ 32. Ke2 Rb1 33. Rg4+ Kh7 34. Rf8 Rb2+
35. Kd1 Bxb6 36. Rxa8 Bxf2 37. Rb8 h5 38. Rf4 Ne5 39. Nxe5 dxe5 40. Re4 Bd4 41.
Rxb7 Rxg2 42. h4 Kg6 43. Re2 Rg1+ 44. Kc2 Kf5 45. Kb3 g5 46. hxg5 Rxg5 47. Rh7
Kf4 48. Rh2 Kg4 49. Kc4 Be3 50. Rg2+ Kh4 51. Rxg5 Kxg5 52. Kd3 Bd4 53. Ke4 h4
54. b5 axb5 55. a6 Kg6 56. Rxh4 b4 57. Kd3 Bc5 1-0

[Event "BUDLEX MIEDZYNARODOWY FESTIWAL SZACHOWY KOPERNIK - TURNIEJ A - (FIDE min. 1800)"]
[Site "MCSM Torun (Miedzynarodowe Centrum Spotkan Mlodziezy)  ul.  Lokietka 3 , 87-100 Torun"]
[Date "1899-12-30"]
[Round "9.3"]
[White "Zielinski, Olgierd"]
[Black "Augustowski, Janusz"]
[Result "1-0"]
[WhiteTitle "I+"]
[BlackTitle "I"]
[WhiteElo "1802"]
[BlackElo "1726"]

1. e4 c5 2. Nf3 Nc6 3. Bb5 a6 4. Bxc6 bxc6 5. h3 g6 6. d3 Bg7 7. O-O d6 8. c3 Nf6
9. Re1 e5 10. d4 cxd4 11. cxd4 exd4 12. e5 dxe5 13. Nxe5 O-O 14. Nxc6 Qd6 15.
Ne7+ Kh8 16. Nxc8 Raxc8 17. Qd3 Rfe8 18. Rxe8+ Rxe8 19. Bd2 Ne4 20. Na3 Nxd2 21.
Qxd2 d3 22. Nc4 Qd4 23. Re1 Rxe1+ 24. Qxe1 Bh6 25. Qc3 Qxc3 26. bxc3 Bg7 27. Nb2
Bxc3 28. Nxd3 Kg7 29. Nc5 a5 30. Kf1 Kf8 31. Ke2 Ke7 32. Kd3 Bb4 33. Kc4 Be1 34.
Nd3 Bd2 35. Kb5 Kd6 36. a4 Kd5 37. Nc5 Be1 38. f3 Kd4 39. Nb3+ Ke3 40. Nxa5 Kf2
41. Nc6 Kxg2 42. Nb4 Kxf3 43. a5 Bf2 44. a6 Ke4 45. Kc6 g5 46. Nd5 Kf3 47. Nb6
Kg3 48. a7 Kxh3 49. a8=Q f5 50. Nd5 h5 51. Qc8 Kg4 52. Ne7 Be3 53. Qxf5+ Kg3 54.
Nd5 Bf4 55. Nf6 h4 56. Qg4+ Kh2 57. Kd5 h3 58. Nh5 1-0

[Event "BUDLEX MIEDZYNARODOWY FESTIWAL SZACHOWY KOPERNIK - TURNIEJ A - (FIDE min. 1800)"]
[Site "MCSM Torun (Miedzynarodowe Centrum Spotkan Mlodziezy)  ul.  Lokietka 3 , 87-100 Torun"]
[Date "1899-12-30"]
[Round "9.4"]
[White "Kutowski, Marcel"]
[Black "Szmidt, Przemyslaw"]
[Result "1-0"]
[WhiteTitle "I"]
[BlackTitle "I++"]
[WhiteElo "1712"]
[BlackElo "1852"]

1. e4 e5 2. Nf3 Nf6 3. Nxe5 d6 4. Nf3 Nxe4 5. Nc3 Nxc3 6. dxc3 Be7 7. Bd3 O-O 8.
Be3 Nc6 9. Qd2 Ne5 10. Nxe5 dxe5 11. O-O-O Be6 12. Qe2 Qc8 13. Kb1 Rd8 14. f3
c6 15. g4 b5 16. Bc1 Bd5 17. h4 Bf8 18. h5 Re8 19. g5 Qe6 20. a3 e4 21. fxe4 Bxe4
22. Bxe4 Qxe4 23. Qf2 Qe2 24. Qg3 a5 25. g6 fxg6 26. hxg6 h6 27. Qc7 Qe6 28. Rxh6
Qe5 29. Qf7# 1-0

[Event "BUDLEX MIEDZYNARODOWY FESTIWAL SZACHOWY KOPERNIK - TURNIEJ A - (FIDE min. 1800)"]
[Site "MCSM Torun (Miedzynarodowe Centrum Spotkan Mlodziezy)  ul.  Lokietka 3 , 87-100 Torun"]
[Date "1899-12-30"]
[Round "9.5"]
[White "Blajet, Radoslaw"]
[Black "Grabarczyk, Miroslaw"]
[Result "0-1"]
[WhiteTitle "I"]
[BlackTitle "GM"]
[WhiteElo "1792"]
[BlackElo "2371"]

1. d4 d5 2. c4 dxc4 3. Nf3 a6 4. e3 Nf6 5. Bxc4 e6 6. O-O c5 7. Bb3 Nc6 8. dxc5
Bxc5 9. Qxd8+ Kxd8 10. Nc3 Ke7 11. a3 Rd8 12. Bc2 Bd7 13. Ne4 Nxe4 14. Bxe4 f5
15. Bc2 e5 16. b4 Bd6 17. Bb2 e4 18. Nd4 Nxd4 19. Bxd4 g6 20. Rfd1 Rac8 21. Bb3
Be6 22. Bb6 Bxb3 23. Bxd8+ Rxd8 24. Rdc1 Be5 25. Rab1 Ba2 0-1